a big david bowie quiz - Statistics

General Stats
  • This quiz has been taken 152 times
  • The average score is 9 of 15
Answer Stats
Question Answer % Correct
which album is black star on black star
88%
which abum is heroes on heroes
79%
which beatle sang on fame john lennon
76%
which album is fame on young americans
76%
which album is golden years on station to station
74%
out on the..... street
74%
did david bowie like the laughing gnome no
68%
which album was rubber band on it was a david jones song
65%
which queen album did david bowie play on hot space
62%
who played drums on ziggy star dust mick woody wood mansey
62%
who played saxophone on diamond dogs david bowie
44%
who played drums on all the young dudes mick woody wood mansey
44%
which david bowie song did lou reed play on john i,m only dancing
38%
who played drums on boys keep swinging carlos alomar
35%
who played strings on five years david bowie
12%
No matching quizzes found
Score Distribution
Percent of People with Each Score
Percentile by Number Answered
Your Score History
You have not taken this quiz